|
|
|
|
| LEADER |
01026nam a2200253 a 4500 |
| 001 |
3586604 |
| 008 |
100114s1965 nyua b 000 0 eng d |
| 010 |
|
|
|a 65011960
|
| 040 |
|
|
|a DLC
|c DLC
|d DLC
|d BD-DhAAL
|
| 082 |
0 |
0 |
|a 301.15
|
| 100 |
1 |
|
|a Hare, A. Paul
|q (Alexander Paul),
|d 1923-
|e ed.
|
| 245 |
1 |
0 |
|a Small groups: studies in social interaction /
|c Edited by A. Paul Hare, Edgar F. Borgatta and Robert F. Bales.
|
| 250 |
|
|
|a Rev. ed.
|
| 260 |
|
|
|a New York :
|b Knopf ,
|c 1965.
|
| 300 |
|
|
|a xvi, 706 p. :
|b illus. ;
|c 24 cm.
|
| 504 |
|
|
|a Includes bibliographies.
|
| 541 |
1 |
|
|e 00000210
|
| 650 |
|
0 |
|a Social interaction.
|
| 650 |
|
0 |
|a Small groups.
|
| 700 |
1 |
|
|a Borgatta, Edgar F.,
|d 1924-
|e joint ed.
|
| 700 |
1 |
|
|a Bales, Robert Freed,
|d 1916-
|e joint ed.
|
| 852 |
4 |
|
|a Ayesha Abed Library
|j General Shelf.
|
| 999 |
|
|
|c 6999
|d 6999
|
| 952 |
|
|
|0 0
|1 0
|2 ddc
|4 0
|6 301_150000000000000_HAR_1965
|7 0
|9 7254
|a BRACUL
|b BRACUL
|c GEN
|d 2010-01-17
|g 0.00
|l 0
|o 301.15 HAR
|p 3010000210
|r 2010-01-17
|t 1
|w 2010-01-17
|y BK
|z Not price in Register
|x Not price in Register
|